00457nam a22001337a 4500008004100000020001800041040005500059080002600114245005900140260007400199300001500273650001600288653001900304230602b |||||||| |||| 00| 0 eng d a92-1-006004-0 aNational Science LibrarycNational Science Library aR 31:66/69](035) bM6 aHandbook book of industrial statistics 1986 c/ UNIDO  aVienna: bUnited Nations Industrial Development Organization, c1986  aix, 444p.  aStatistics  aManufacturing